Σχεδίαση διαδραστικού συστήματος πληροφόρησης εκθεμάτων του Βιομηχανικού Μουσείου Ερμούπολης : διπλωματική εργασία προπτυχιακού προγράμματος σπουδών

Η παρούσα διπλωματική αφορά το σχεδιασμό ενός πολυαπτικού συστήματος για το χώρο του μουσείου. Το περιεχόμενο του συστήματος είναι ενημερωτικό, καθώς θα παρουσιάζει εκθέματα κατηγοριοποιημένα και συνοδευόμενα από πληροφοριακό υλικό σε διάφορες μορφές (εικόνα, ήχος, βίντεο ή συνδυασμών αυτών). Στόχος...

Full description

Saved in:
Bibliographic Details
Main Author: Τσούνη, Δανάη
Corporate Author: Πανεπιστήμιο Αιγαίου. Τμήμα Μηχανικών Σχεδίασης Προϊόντων και Συστημάτων
Format: Thesis Book
Language:Greek
Published: 2014.
Subjects:
Online Access:http://hdl.handle.net/11610/9102
Tags: Add Tag
No Tags, Be the first to tag this record!

MARC

LEADER 00000cam a2200000 i 4500
001 1/45499
008 140407s2014 gr | ||| |||| ||gre||
035 |l 10117313 
040 |a GR-MyUa  |b gre  |e AACR2 
041 0 |a gre 
082 7 |a 069.5   |2 (22) 
100 1 |a Τσούνη, Δανάη. 
245 1 0 |a Σχεδίαση διαδραστικού συστήματος πληροφόρησης εκθεμάτων του Βιομηχανικού Μουσείου Ερμούπολης :   |b διπλωματική εργασία προπτυχιακού προγράμματος σπουδών /   |c Δανάη Τσούνη ; επιβλέπων καθηγητής Παναγιώτης Κουτσαμπάσης.  
260 |c 2014.  
300 |a 155 σ. :   |b εικ. ;   |c 30 εκ.  
502 |a Πτυχιακή εργασία - Πανεπιστήμιο Αιγαίου, Σύρος, 2014.  
504 |a Βιβλιογραφία: σ. 115-117.  
520 8 |a Η παρούσα διπλωματική αφορά το σχεδιασμό ενός πολυαπτικού συστήματος για το χώρο του μουσείου. Το περιεχόμενο του συστήματος είναι ενημερωτικό, καθώς θα παρουσιάζει εκθέματα κατηγοριοποιημένα και συνοδευόμενα από πληροφοριακό υλικό σε διάφορες μορφές (εικόνα, ήχος, βίντεο ή συνδυασμών αυτών). Στόχος του συστήματος είναι η ενίσχυση της εμπειρίας του επισκέπτη στο μουσείο, η δυνατότητα οργάνωσης της επίσκεψης ανάλογα με τις εκάστοτε ανάγκες καθώς και η δημιουργία μιας περισσότερο ενιαίας εικόνας για το περιεχόμενο του μουσείου. Πρόκειται για ένα σύστημα που θα μπορούσε να τοποθετηθεί σε ποικίλους μουσειακούς χώρους, στη συγκεκριμένη περίπτωση μελετάται για το Βιομηχανικό Μουσείο της Ερμούπολης.  
610 2 7 |2 nlgaf  |a Βιομηχανικό Μουσείο Ερμούπολης. 
650 0 |a Museum exhibits  |x Technological innovations. 
650 0 |a Interactive multimedia. 
650 0 |a Dissertations, Academic  |z Greece. 
700 1 |a Κουτσαμπάσης, Παναγιώτης,  |e dgs 
710 2 |a Πανεπιστήμιο Αιγαίου.   |b Τμήμα Μηχανικών Σχεδίασης Προϊόντων και Συστημάτων. 
852 |a INST  |b SYROS  |c DIATR  |e 20140407  |h 069.5 ΤΣΟ  |p 005500011330  |q 005500011330  |t DIE  |y 23 
852 |a INST  |b SYROS  |c DIATR  |e 20140407  |h 069.5 ΤΣΟ  |p 005500011331  |q 005500011331  |t DIE  |y 23 
856 |u http://hdl.handle.net/11610/9102 
901 |a BIBL5-2012-1 
924 |a Τσούνη  |b Δανάη  |y Σύρος  |z 2014-02 
970 |a Κοντού  |b Παρασκευή  |z 07/04/2014